000 00696nam a2200217 u 4500
001 000003335
005 20260420170825.0
008 090708s1998 dr r 001 0 spa d
040 _aDO-SdBNP
082 _a340.115
_bH557
100 1 _aHernández, Pedro Pablo.
_910463
245 1 0 _aIntroducción al estudio de la sociología del derecho /
_cPedro Pablo Hernández.
260 _aSanto Domingo
_fBÚHO
_bUniversidad Nordestana,
_c1998.
300 _a310p ;
_c21cm.
500 _aContiene índice
500 _aIncluye datos biográficos
650 0 _aJurisprudencia sociológica
_94071
650 0 _aJurisprudencia
_910464
650 0 _aProblemas sociales
_99290
999 _a1
_n0000192
_c3166
_d3166
049 _aBNPD